| 000 | 00629cam a22002171 4500 | ||
|---|---|---|---|
| 001 | 45580 | ||
| 090 | _a45580 | ||
| 100 | _a19931120d1957 m y0pory5003 ba | ||
| 101 | 1 | _apor | |
| 102 | _aPT | ||
| 200 | 1 |
_aA mulher de branco _fWilliam Wilkie Collins _gtrad. Aurora Rodrigues |
|
| 205 | _a3.ª ed. | ||
| 210 | 9 |
_aLisboa _cRomano Torres, _d1957 |
|
| 215 |
_a375, [2] p. _d20 cm |
||
| 225 | 2 |
_aObras escolhidas de autores escolhidos _v16 |
|
| 304 | _aTít. orig.: The woman in white | ||
| 675 |
_a821.111-31"18" _vBN _zpor |
||
| 700 | 1 |
_aCollins, _bWilkie, _f1824-1880 |
|
| 702 | 1 |
_aRodrigues, _bAurora _4730 |
|
| 801 | 0 |
_aPT _bBN _gRPC |
|
| 990 | _cLIVROS | ||